Krajina ako priestor pre transport vody, chemikálií a energie v systéme pôda - rastlina - atmosféra

Bibliographic Details
Main Authors: Húska, Dušan, 1935- (Author), Jurík, Ľuboš, 1958- (Author)
Format: Article
Language:Slovak
ISSN:1335-6291
Subjects:

MARC

LEADER 00000nab a2200000 a 4500
001 vtls009474996
003 SK-MaSNL
005 20260304233815.0
008 250507c2008 xo |||||||||||000 b|slo
015 |a SNBRB2009/02  |2 snkbucl 
035 |a (uuid)d8c3e18d-521e-400c-b10a-0e10f4f88f72 
035 |a urn:nbn:sk:snk-ab1446 
035 |a (urnnbn)urn:nbn:sk:snk:ar-a06jxi 
038 |a SNKBUCL 
040 |a SNKBUCL  |b slo  |c SNKBUCL  |e AACR2 
041 0 |a slo  |b eng 
044 |a xo  |c SK 
080 |a 556.18:502.5  |2 2001 
080 |a 502.5  |2 2001 
080 |a 502.51  |2 2001 
100 1 |a Húska, Dušan,  |d 1935-  |4 aut  |9 119818 
245 1 0 |a Krajina ako priestor pre transport vody, chemikálií a energie v systéme pôda - rastlina - atmosféra  |c Dušan Húska, Ľuboš Jurík 
504 |a Bibliogr. odkazy 
546 |a Res. angl. 
650 0 7 |a krajina  |2 SNKPH  |9 15725 
650 0 7 |a vodný režim  |2 SNKPH  |9 22018 
650 0 7 |a vodné zdroje  |2 SNKPH  |9 69165 
650 0 7 |a využívanie krajiny  |2 SNKPH  |9 186151 
700 1 |a Jurík, Ľuboš,  |d 1958-  |4 aut  |9 203072 
773 0 |t Acta hydrologica slovaca  |g Roč. 9, č. 1 (2008), s. 123-129  |x 1335-6291 
850 |a Slovenská národná knižnica 
852 |a Slovenská národná knižnica 
954 |a odborná, vedecká literatúra pôvodná (slovenská)  |2 lita 
958 |a article27 
958 |a NB 
958 |a SK 
958 |a OND 
958 |a EUIPO 
999 |c 3200325  |d 3202255